Basic financial accounting (Record no. 25908)

MARC details
000 -LEADER
fixed length control field 00457nam a2200181Ia 4500
008 - FIXED-LENGTH DATA ELEMENTS--GENERAL INFORMATION
fixed length control field 230917s9999||||xx |||||||||||||| ||und||
020 ## - ISBN
Price RS510
040 ## - CATALOGING SOURCE
-- 245623
Original cataloging agency VIVEKANANDA LIBRARY
041 ## - Language
-- English
082 ## - DDC NUMBER
Classification number 657.48 M474B(17)
100 ## - MAIN ENTRY--PERSONAL NAME
Personal name Monga, J R
245 #0 - TITLE STATEMENT
Title Basic financial accounting
250 ## - EDITION STATEMENT
Edition statement 7th ed.
260 ## - PUBLICATION, DISTRIBUTION, ETC. (IMPRINT)
Place of publication, distribution, etc [n.d.]
Name of publisher, distributor, etc J R Monga
Date of publication, distribution, etc 2018
300 ## - PHYSICAL DESCRIPTION
Pages v. p.
500 ## - GENERAL NOTE
General note 3037 05/02/2018 HBD18/7364 16/03/2018 Main Budget
942 ## - ADDED ENTRY ELEMENTS (KOHA)
Koha item type Books
Holdings
Withdrawn status Lost status Damaged status Not for loan Location (home branch) Sublocation or collection (holding branch) Date acquired Koha issues (times borrowed) Koha full call number Accession No. Koha date last seen Koha item type
        VIVEKANANDA LIBRARY VIVEKANANDA LIBRARY 03/04/2018   657.48 M474B(17) 372824 17/09/2023 Books
        VIVEKANANDA LIBRARY VIVEKANANDA LIBRARY 03/04/2018   657.48 M474B(17) 372825 17/09/2023 Books
        VIVEKANANDA LIBRARY VIVEKANANDA LIBRARY 03/04/2018 1 657.48 M474B(17) 372826 23/12/2025 Books
        VIVEKANANDA LIBRARY VIVEKANANDA LIBRARY 03/04/2018   657.48 M474B(17) 372827 17/09/2023 Books
© Designed and Maintained by Vivekananda Library, MDU Rohtak